| 000 | 01489cam a2200397 i 4500 | ||
|---|---|---|---|
| 001 | 1632901 | ||
| 003 | EG-ScBUE | ||
| 005 | 20240401094303.0 | ||
| 008 | 960116t1996 enkab f b 001 0 eng d | ||
| 020 | _a0198201907 | ||
| 040 |
_aDLC _beng _erda _cDLC _dDLC _dEG-ScBUE |
||
| 043 |
_ae-uk-en _ae-uk--- |
||
| 082 | 0 | 4 |
_a941 _222 _bMED |
| 245 | 0 | 0 |
_aMedieval society and the manor court / _cedited by Zvi Razi and Richard Smith. |
| 264 | 1 |
_aOxford ; _aNew York : _bClaredon Press, _c[1996] |
|
| 264 | 4 | _cc1996 | |
| 300 |
_axiii, 709 pages : _billustrations, maps ; _c24 cm |
||
| 336 |
_2rdacontent _atext _btxt |
||
| 337 |
_aunmediated _2rdamedia _bn |
||
| 338 |
_avolume _bnc _2rdacarrier |
||
| 504 | _aIncludes bibliographical references and index. | ||
| 650 | 7 |
_aCommunity life _zEngland _xHistory. _2BUEsh _99517 |
|
| 650 | 7 |
_aManorial courts _zEngland. _2BUEsh _99518 |
|
| 650 | 7 |
_aPeasants _zEngland. _2BUEsh _99519 |
|
| 650 | 7 |
_aFeudalism _zEngland. _2BUEsh _99520 |
|
| 650 | 7 |
_aManors _zEngland. _2BUEsh _99521 |
|
| 650 | 7 |
_aLaw, Medieval. _2BUEsh _99522 |
|
| 651 | 7 |
_aGreat Britain _xHistory _yMedieval period, 1066-1485. _2BUEsh _99523 |
|
| 651 | 7 |
_aEngland _xSocial conditions _y1066-1485. _2BUEsh _99524 |
|
| 655 | _vReading book | ||
| 700 | 1 |
_aRazi, Zvi, _eeditor. _99525 |
|
| 700 | 1 |
_aSmith, Richard Michael, _d1946- _eeditor. _99526 |
|
| 856 | 4 | 2 |
_3Publisher description _uhttp://www.loc.gov/catdir/enhancements/fy0606/96002644-d.html |
| 942 |
_2ddc _cBB |
||
| 999 |
_c12955 _d12955 |
||